Statistiken für Bayern München Transfers

Klicken Sie hier um das Quiz zu spielen!

Allgemein

  • Dieses Quiz wurde 440 mal gespielt
  • Das Durchschnittsergebnis liegt bei 11 aus 15

Antwortstatistiken

gekommen vonAntwort% Korrekt
LeipzigSabitzer
87%
LeipzigUpamecano
87%
Manchester CitySane
84%
VancouverDavies
83%
Schalke 04Goretzka
76%
DortmundHummels
76%
Atletico MadridHernandez
75%
StuttgartPavard
74%
Inter(Leihe)Perisic
74%
Barcelona(Leihe)Coutinho
73%
Olympique LyonTolisso
72%
HoffenheimSüle
64%
Ajax AmsterdamMazraoui
56%
BenficaRenato Sanches
53%
JuventusComan
52%

Verteilung der Resultate

Perzentil nach korrekt beantworteten Fragen

Anzahl Personen mit jedem Resultat

Ihre Resultats-Entwicklung

Sie haben dieses Quiz noch nicht gespielt